000 00372nam a2200145Ia 4500
008 230312s9999||||xx |||||||||||||| ||und||
020 _a9781119360971
082 _a005.447
_bBUH-C
100 _aBuhagiar,Jon
245 0 _aCCNA routing and switching practice tests
260 _bWiley
_aUSA
_c2017
300 _a467
650 _aComputer
_vSwitching Systems
942 _cBK
999 _c16695
_d16695